000
00294nam a22001337a 4500
008
170614b xxu||||| |||| 00| 0 eng d
020
_a
9780130370488
041
_a
eng
080
_a
328
100
_a
19
101
_a
SHP
245
_a
AMERICAN GOVERNMENT
_c
MCCLENAGHAN,W.A
942
_2
udc
_c
BK
999
_c
17327
_d
17327